00905nam a2200169Ia 4500001001300000003001000013008004100023040002500064041000700089100002000096245004700116250001100163260003300174300001200207500049900219650001700718b4552-29446 IT-MiCISF161014s9999||||xx |||||||||||||| ||und|| aIT-MiCISFcIT-MiCISF ait aConsoli Massimo 0aEcce homo. L'omossessualità nella Bibbia a1a ed. a MilanobKaos Edizionic1998 app. 151 a / omosessualità, bibbia / Indagine biblica, con la quale l'A. - tra i fondatori del movimento gay italiano - cerca di dimostrare come Gesù non abbia mai espresso giudizi negativi o condanne nei riguardi dell'omosessualità, e come anzi la Bibbia sia una delle opere che più inneggiano all'amore gay. Contiene anche una nuova traduzione del Cantico dei Cantici, il cui testo secondo l'A. è stato manipolato fin dall'antichità, per nascondere i suoi riferimenti all'amore omosessuale. asessualità